Hledá se Pátek /
Uloženo v:
| Hlavní autor: | |
|---|---|
| Další autoři: | |
| Médium: | Kniha |
| Jazyk: | Czech |
| Vydáno: |
Praha :
Portál,
2026
|
| Vydání: | Vydání první |
| Témata: | |
| Celkem bylo vypůjčeno: | 0x |
| Tagy: |
Žádné tagy |
| LEADER | 01344nam a2200349 i 4500 | ||
|---|---|---|---|
| 001 | 106693 | ||
| 003 | CZ PrSKC | ||
| 005 | 20260701111645.0 | ||
| 007 | ta | ||
| 008 | 260609s2026 xr a b 000 j cze d | ||
| 020 | |a 9788026224037 |q (vázáno) : |c Kč 299.00 | ||
| 040 | |a JHG001 |b cze |d KLG001 |e rda | ||
| 072 | 7 | |a 821.162.3-3 |x Česká próza |2 Konspekt |9 25 | |
| 072 | 7 | |a 821-93 |x Literatura pro děti a mládež (beletrie) |2 Konspekt |9 26 | |
| 080 | |a 821.162.3-32 |2 MRF | ||
| 080 | |a 821-93 |2 MRF | ||
| 100 | 1 | |a Pospíšilová, Zuzana, |d 1975- |7 mzk2006331486 |4 aut |9 13476 | |
| 245 | 1 | 0 | |a Hledá se Pátek / |c Zuzana Pospíšilová ; ilustrace Zuzana Korčáková |
| 250 | |a Vydání první | ||
| 264 | 1 | |a Praha : |b Portál, |c 2026 | |
| 300 | |a 79 stran : |b barevné ilustrace ; |c 22 cm | ||
| 336 | |a text |b txt |2 rdacontent | ||
| 337 | |a bez média |b n |2 rdamedia | ||
| 338 | |a svazek |b nc |2 rdacarrier | ||
| 655 | 7 | |a české příběhy |7 fd133973 |2 czenas |9 54030 | |
| 655 | 7 | |a publikace pro děti |7 fd133156 |2 czenas |9 23 | |
| 700 | 1 | |a Korčáková, Zuzana, |d 1987- |7 xx0264935 |4 ill |9 113736 | |
| 710 | 2 | |a Portál (nakladatelství) |7 ko2003199531 |4 pbl |9 117200 | |
| 910 | |a UOG502 | ||
| 942 | |2 ddc |c KN | ||
| 999 | |d 106693 | ||
| 993 | |0 0 |1 421180107420 |2 ddc |4 0 |6 M |7 0 |9 100198 |b 0 |c 107420 |d 2026-07-01 |e 0 |f DOSP |g M |h 299.00 |i Koupě |l M |r 2026-07-02 |t 8 |w 2026-07-01 |y KN |z BELET |n | ||